Ethnic Minorities of Russia by Flag (no yellow box) - Statistics

General Stats
  • This quiz has been taken 71 times
  • The average score is 33 of 74
Answer Stats
Picture Hint Answer % Correct
1,2 million Armenians
90%
650.000 Kazakhs
90%
600.000 Azerbaijanis / Azeris
86%
160.000 Georgians
86%
1,9 million (or many more) Ukrainians
84%
290.000 Uzbeks
84%
5,3 million Volga Tatars
83%
19.000 Latvians
78%
200.000 Tajiks
78%
18.000 Estonians
76%
520.000 Belarusians
74%
100.000 Kyrgyz people
74%
31.000 Lithuanians
74%
530.000 Ossetians
74%
200.000 Ruska Roma
74%
160.000 Moldovans
72%
160.000 (many more partial descent) Jews
71%
37.000 Turkmens
71%
480.000 Yakuts / Sakha people
71%
1,4 million Chechens
69%
50.000 Poles
69%
11.000 Abkhaz people
67%
1,5 million Chuvash people
67%
1,6 million Bashkirs
64%
550.000 Mari people
62%
1800 Sámi people
62%
290.000 Tuvans
62%
60.000 Karelians
59%
550.000 Udmurts
59%
125.000 Adyghe people / Circassians
57%
180.000 Kalmyks
57%
460.000 Buryats
53%
450.000 Ingush people
53%
2400 Crimean Tatars
52%
230.000 Komi-Zyryans
47%
75.000 Altai people
45%
900.000 Avars
43%
45.000 Nenets people
43%
400.000? Erzyas (Mordvins)
41%
220.000 + 110.000 Karachays and Balkars
41%
400.000? Mokshas (Mordvins)
41%
100.000 Meskhetian/Ahiska Turks
40%
520.000 Kabardians (Adyghe)
36%
70.000 Khakas people
34%
390.000 Volga Germans
34%
20.000 Ingrian Finns
31%
31.000 + 12.500 Khanty people + Mansi people
29%
100.000 Nogais
29%
6000 Veps / Vepsians
28%
43.000 Abaza people / Abazins
26%
500.000 Kumyks
24%
470.000 Lezgins
24%
38.000 Evenks
22%
16.000 Chukchis
21%
590.000 Dargins
19%
180.000 Laks
17%
95.000 Permyaks (Komi)
17%
8000 Dolgans
16%
64 Votes
16%
150.000 Tabasarans
14%
34.000 Aghuls
12%
35.000 Rutuls
12%
2500 Talysh people
12%
12.500 Tsakhurs
12%
140.000 Don Cossacks (not an ethnicity)
10%
3100 Itelmens
10%
8000 Koryaks
10%
25.000? Kuban Cossacks (not an ethnicity)
10%
2000 Hemshins
9%
266 Izhorians
9%
12.000 Nanai people
9%
3600 Selkups
7%
2800 Kumandins (Northern Altai)
3%
2600 Teleuts (Southern Altai)
3%
No matching quizzes found
Score Distribution
Percent of People with Each Score
Percentile by Number Answered
Your Score History
You have not taken this quiz